3 Biggest US Cities by Letter - Statistics

General Stats
  • This quiz has been taken 46 times
  • The average score is 40 of 76
Answer Stats
Population Answer % Correct
4,382,009 Boston
97%
8,671,746 Chicago
94%
19,426,449 New York
94%
12,237,376 Los Angeles
92%
3,281,212 San Francisco
92%
5,732,354 Dallas
89%
2,686,147 Denver
89%
5,696,125 Philadelphia
89%
3,070,300 San Diego
89%
4,999,259 Atlanta
86%
3,776,890 Detroit
86%
1,686,744 Cincinnati
83%
5,853,575 Houston
83%
347,693 Jackson
83%
1,247,374 Jacksonville
83%
3,976,313 Phoenix
83%
3,544,011 Seattle
83%
6,077,522 Miami
81%
1,853,896 Orlando
81%
2,104,238 Portland
81%
5,174,759 Washington, DC
81%
1,809,888 Austin
78%
1,699,881 Indianapolis
78%
1,158,642 Nashville
78%
769,837 Albuquerque
75%
1,712,178 Cleveland
75%
1,674,218 Kansas City
75%
2,212,038 Baltimore
72%
2,196,623 Las Vegas
69%
1,106,646 Raleigh
69%
948,864 Buffalo
67%
854,584 El Paso
67%
717,589 Fresno
67%
1,306,795 Milwaukee
67%
2,914,866 Minneapolis
67%
982,276 Oklahoma City
67%
914,531 New Orleans
64%
2,783,045 Tampa
64%
875,441 Tucson
56%
974,397 Louisville
53%
853,252 Honolulu
50%
819,508 Omaha
47%
1,059,150 Richmond
47%
722,810 Tulsa
47%
119,059 Utica
47%
1,451,578 Virginia Beach
47%
8,541 Quincy, FL
44%
43,427 Quincy, IL
44%
7,846 Quincy, WA
44%
335,934 Fort Wayne
42%
338,928 Greensboro
42%
500,231 Wichita
42%
977,158 Hartford
33%
206,855 Evansville
28%
2,276,703 Riverside
25%
320,901 Youngstown
25%
135,717 Yuma
25%
605,666 Grand Rapids
22%
373,687 Fayetteville
19%
26,614 Xenia
19%
387,271 Greenville
17%
597,257 Knoxville
14%
482,085 Worcester
14%
42,301 Zanesville
14%
355,816 Victorville
11%
270,179 Eugene
8%
361,075 Indio
8%
126,810 Iowa City
8%
175,132 Vallejo
8%
238,549 York
8%
16,600 Zachary
8%
55,133 Zephyrhills
8%
418,404 Kissimmee
6%
128,519 Johnson City
3%
28,987 Ukiah
0%
32,560 Uniontown
0%
No matching quizzes found
Score Distribution
Percent of People with Each Score
Percentile by Number Answered
Your Score History
You have not taken this quiz